=LDR 00000nam 2200000 4500 =001 INLIS000000000035845 =005 20130612141655 =008 ***********************************Ind** =035 ##$$a0010-061300000035845 =041 ##$$a Ind =082 ##$$a 523.4 =090 ##$$a 523.4, Sang P =100 ##$$a Sagon, Carl =245 ##$$a Planet =260 ##$$a 1985 $b Jakarta =300 ##$$a 200 hlm, ilus, 31 cm =850 ##$$a NBPNMAT =990 ##$$a 0001/BPAP-NTB/20142014